00522cam a22002171 4500001001300000003000400013005001700017008004100034010001700075035002000092040001800112042001200130050001600142100002100158245003000179260001100209300002700220500001400247650002600261999001700287sa 63000554 DLC20260227111922.0890615s1962 ii a 000 1 hino  asa 63000554  a(OCoLC)19876789 aDLCcWaUdDLC apremarc00aPK2077b.B51 aBhatnagar, S. P.10aSataraṅgā ān̐cala. c[1962] a139 p.billus.c18 cm. aIn Hindi. 0aShort stories, Hindi. c53529d53529